Polska w czasie wielkiej wojny (1914-1918). (Rekord nr 27884)
| 000 -Nagłówek | |
|---|---|
| fixed length control field | 02642cam a2200505 i 4500 |
| 001 - Nr kontrolny bibl., która utworzyła rek. | |
| control field | zz2004848177 |
| 003 - Siglum bibl., której nr kontr. jest w 001 | |
| control field | NUKAT |
| 005 - Data i czas ostatniej operacji | |
| control field | 20260429212542.0 |
| 008 - Elementy pola stałej długości | |
| fixed length control field | 040504s1936 pl |000 0 pol c |
| 035 ## - Systemowy numer kontrolny | |
| systemowy numer kontrolny | (OCoLC)1424196596 |
| 035 ## - Systemowy numer kontrolny | |
| systemowy numer kontrolny | (NUKAT)zz2004848177 |
| 040 ## - Instytucja sporządzająca opis | |
| Instytucja, która sporządziła opis | GD U/TZ |
| język katalgowania-trzyzn. kod | pol |
| zasady opisu | rda |
| Instytucja, która sporządziła rekord | GD U/TZ |
| Instytucja, która zmodyfikowała rekord | GD U/TZ |
| -- | GD U/TZs |
| -- | GD U/Doro |
| -- | OLSZT 008/AL |
| 245 00 - Tytuł właściwy i oznaczenie odpow. | |
| tytuł | Polska w czasie wielkiej wojny (1914-1918). |
| numer części/sekcji pracy | T. 3, |
| tytuł części/sekcji pracy | Historja ekonomiczna / |
| dod. inf. ze s. tyt./ozn. odpow. | Fundacja Pokojowa Carnegiego. |
| 246 15 - Inne formy tytułu, wariant tytułu | |
| tytuł | Historja ekonomiczna |
| 260 ## - Adres wydawniczy | |
| miejsce wydania, dystrybucji itp. | Warszawa : |
| nazwa wydawcy, dystrybutora itp. | Towarzystwo Badania Zagadnień Międzynarodowych, |
| data wydania, dystrybucji itp. | 1936. |
| 300 ## - Opis fizyczny | |
| objętość i/lub forma materiału | 489 stron ; |
| format | 25 cm. |
| 336 ## - Content Type | |
| Term | Tekst |
| Code | txt |
| Source | rdacontent |
| 337 ## - Media Type | |
| Term | Bez urządzenia pośredniczącego |
| Code | n |
| Source | rdamedia |
| 338 ## - Carrier Type | |
| Term | Wolumin |
| Code | nc |
| Source | rdacarrier |
| 380 ## - Form of work | |
| Form of work | Książki |
| 490 1# - Tytuł serii i ks. wielotom.-nie do wysz. | |
| oznaczenie serii | Polska w czasie wielkiej wojny (1914-1918). Historja społeczna i ekonomiczna / pod red. Marcelego Handelsmana ; |
| numer woluminu | t. 3 |
| 490 1# - Tytuł serii i ks. wielotom.-nie do wysz. | |
| oznaczenie serii | Biblioteka Historyczna Towarzystwa Badania Zagadnień Międzynarodowych ; |
| numer woluminu | t. 3 |
| 500 ## - Uwaga ogólna | |
| uwaga ogólna | Strona przedtytułowa: Wydawnictwo Fundacji Pokojowej Carnegiego. Oddział Ekonomiczno-Historyczny / pod redakcją James T. Shotwell'a. |
| 504 ## - Uwaga o bibliografii | |
| uwaga o bibliografii | Bibliografia przy dziełach współwydanych. |
| 505 0# - Uwaga dotycząca zawartości (sformaliz.) | |
| uwaga o zawartości | Zniszczenia i szkody wojenne / Józef Bankiewicz, Bohdan Domosławski. Przemysł i handel Polski / Hipolit Gliwic. Rolnictwo Polski 1914-1920 / Władysław Grabski, Józef Stojanowski, Jan Warężak. |
| 648 #7 - SUBJECT ADDED ENTRY--CHRONOLOGICAL TERM | |
| Chronological term | 1901-2000 |
| Source of heading or term | DBN |
| 9 (RLIN) | 34996 |
| 648 #7 - SUBJECT ADDED ENTRY--CHRONOLOGICAL TERM | |
| Chronological term | 1914-1918 |
| Source of heading or term | DBN |
| 9 (RLIN) | 36040 |
| 650 #7 - Hasło przedmiotowe-nazwa pospolita | |
| nazwa pospolita lub geogr. | Gospodarka |
| źródło hasła | DBN |
| 9 (RLIN) | 35937 |
| 650 #7 - Hasło przedmiotowe-nazwa pospolita | |
| nazwa pospolita lub geogr. | Szkody wojenne |
| określnik geograficzny | Polska |
| określnik chronologiczny | 1900-1945. |
| źródło hasła | kaba |
| 9 (RLIN) | 40936 |
| 650 #7 - Hasło przedmiotowe-nazwa pospolita | |
| nazwa pospolita lub geogr. | Wojna światowa (1914-1918) |
| określnik rzeczowy | zniszczenia i grabież |
| określnik geograficzny | Polska. |
| źródło hasła | kaba |
| 9 (RLIN) | 40937 |
| 651 #7 - Hasło przedmiotowe-nazwa geogr. | |
| nazwa geograficzna | Polska |
| źródło hasła | DBN |
| 9 (RLIN) | 35076 |
| 658 ## - Nazwa określająca cel programu nauczania | |
| główny cel programu nauczania | Gospodarka, ekonomia, finanse |
| 700 1# - Hasło dodatkowe - nazwa osobowa | |
| nazwa osobowa | Domosławski, Bohdan. |
| rodzaj współpracy | Autor |
| 9 (RLIN) | 40938 |
| 700 1# - Hasło dodatkowe - nazwa osobowa | |
| nazwa osobowa | Handelsman, Marceli |
| daty biograficzne | (1882-1945). |
| rodzaj współpracy | Redakcja |
| 9 (RLIN) | 877 |
| 700 1# - Hasło dodatkowe - nazwa osobowa | |
| nazwa osobowa | Stojanowski, Józef. |
| rodzaj współpracy | Autor |
| 9 (RLIN) | 40939 |
| 700 1# - Hasło dodatkowe - nazwa osobowa | |
| nazwa osobowa | Warężak, Jan |
| daty biograficzne | (1896-1967). |
| rodzaj współpracy | Autor |
| 9 (RLIN) | 40940 |
| 700 12 - Hasło dodatkowe - nazwa osobowa | |
| nazwa osobowa | Bankiewicz, Józef. |
| tytuł pracy | Zniszczenia i szkody wojenne |
| język pracy | (pol.) |
| 9 (RLIN) | 40943 |
| 700 12 - Hasło dodatkowe - nazwa osobowa | |
| nazwa osobowa | Gliwic, Hipolit |
| daty biograficzne | (1878-1943). |
| tytuł pracy | Przemysł i handel Polski |
| język pracy | (pol.) |
| 9 (RLIN) | 40944 |
| 700 12 - Hasło dodatkowe - nazwa osobowa | |
| nazwa osobowa | Grabski, Władysław |
| daty biograficzne | (1874-1938). |
| tytuł pracy | Rolnictwo Polski 1914-1920 |
| język pracy | (pol.) |
| 9 (RLIN) | 1642 |
| 710 2# - Hasło dodatkowe - nazwa ciała zbior. | |
| nazwa ciała zbior. lub nazwa geogr. | Carnegie Corporation of New York. |
| rodzaj współpracy | Instytucja sprawcza |
| 9 (RLIN) | 40941 |
| 710 2# - Hasło dodatkowe - nazwa ciała zbior. | |
| nazwa ciała zbior. lub nazwa geogr. | Towarzystwo Badania Zagadnień Międzynarodowych. |
| rodzaj współpracy | Wydawca |
| kod rodzaju współpracy | pbl |
| 9 (RLIN) | 40942 |
| 830 #0 - Hasło dod. serii i op. ks. wielotom. -tyt | |
| tytuł | Polska w czasie wielkiej wojny (1914-1918) |
| oznaczenie tomu | t. 3 |
| 830 #0 - Hasło dod. serii i op. ks. wielotom. -tyt | |
| tytuł | Biblioteka Historyczna Towarzystwa Badania Zagadnień Międzynarodowych |
| oznaczenie tomu | t. 3 |
| 9 (RLIN) | 40945 |
| 942 ## - ADDED ENTRY ELEMENTS (KOHA) | |
| Source of classification or shelving scheme | Dewey Decimal Classification |
| Koha item type | pozycje dostępne na miejscu |
| Status wycofania | Status zagubienia | Klasyfikacja | Status uszkodzenia | Blokada wypożyczeń | Kolekcja | Lokalizacja macierzysta | Lokalizacja bieżąca | Data nabycia | Numer akcesji | Źródło akcesji | Nr inwentarzowy | il. wypożyczeń | Sygnatura | Kod kreskowy | Date last seen | Price effective from | Typ egz. |
|---|---|---|---|---|---|---|---|---|---|---|---|---|---|---|---|---|---|
| Dewey Decimal Classification | nieuszkodzona | Pracownia Badań Księgozbiorów Historycznych | Biblioteka Instytutu Północnego w Olsztynie | Pracownia Badań Księgozbiorów Historycznych | 29/04/2026 | K-31/1966 | kupno | 16769 | 16769 | IPWK22228 | 29/04/2026 | 29/04/2026 | pozycje dostępne na miejscu |